000 00598nam a2200229Ia 4500
003 OSt
005 20221007070141.0
006 a|||||r|||| 00| 0
007 ta
008 221006b |||||||| |||| 00| 0 eng d
024 _a22,371
037 _cTextual
040 _aFLL
_cFLL
_beng
041 _2eng
_aeng
082 _aZ2:9595, L0;1
100 _aSarkar P. C.
245 0 _aSpecific relief act
260 _aFaridabad
_bAllahabad Law Agency India
_c1970
300 _axxxii,428p
_ccm.
942 _hZ2:9595, L0;1
_cTEXL
_2CC
999 _c1139570
_d1139570